000 00323nab a22001097u 4500
008 130520b2001 xxu||||| |||| 00| 0 spa d
041 _aspa
100 1 _aRaiser, Konrad
_917855
245 0 0 _aOrden mundial y ética universal
_cKonrad Raiser
773 0 _tConcilium
_gnº292,2001,págs. 21-30
_x0210-1041
_wRev134
942 _cAR
999 _c356575
_d356575